Historia de las tierras y los lugares legendarios (Registro nro. 320104)

Detalles MARC
000 -ENCABEZADO
Número de control [NR] 00895nam a22002417a 4500
005 - FECHA Y HORA DE LA ÚLTIMA TRANSACCIÓN
control field 20211105141726.0
008 - DE LONGITUD FIJA DE DATOS DE ELEMENTOS - INFORMACIÓN GENERAL
Elementos de longitud fija [NR] 211105s2013 sp a|||gr|||| 00| 0 spa d
020 ## - NUMERO INTERNACIONAL NORMALIZADO PARA LIBROS [R]
Número Internacional Normalizado del libro [NR] 9788426421944
040 ## - FUENTE DE CATALOGACION [NR]
Agencia de catalogación original [NR] CO-BoUCM
Idioma de catalogación [NR] spa
Quien Cataloga Deissy Garcia
Quien Clasifica Deissy Garcia
041 0# - CODIGO DE IDIOMA [R]
Código de idioma para texto/pista de sonido o título separado [R] Español
100 1# - ASIENTO PRINCIPAL--NOMBRE PERSONAL [NR]
ID Autoridad 1559
Nombre personal [NR] Eco, Umberto
Fechas asociadas con el nombre [NR] 1932-2016
245 10 - MENCION DE TITULO [NR]
Título [NR] Historia de las tierras y los lugares legendarios
Mención de responsabilidad, etc. [NR] Umberto Eco ; traducción de Maria Pons Irazazábal
260 ## - PUBLICACION, DISTRIBUCION, ETC. (PIE DE IMPRENTA) [R]
Lugar de publicación, distribución, etc. [R] Barcelona
Nombre del editor, distribuidor, etc. [R] Lumen
Fecha de publicación, distribución, etc. [R] 2013
300 ## - DESCRIPCION FISICA [R]
Extensión [R] 478 páginas
Otros detalles físicos [NR] ilustraciones, láminas
504 ## - NOTA DE BIBLIOGRAFIA, ETC. [R]
Nota de bibliografía, etc. [NR] Incluye referencias bibliográficas
650 #0 - ASIENTO SECUNDARIO DE MATERIA - TERMINO TEMATICO [R]
9 (RLIN) 154716
Término temático o nombre geográfico como elemento de entrada [NR] Mitos geográficos
650 #7 - ASIENTO SECUNDARIO DE MATERIA - TERMINO TEMATICO [R]
9 (RLIN) 26187
Término temático o nombre geográfico como elemento de entrada [NR] Viajes imaginarios
650 #7 - ASIENTO SECUNDARIO DE MATERIA - TERMINO TEMATICO [R]
9 (RLIN) 18659
Término temático o nombre geográfico como elemento de entrada [NR] Literatura folclórica
650 #7 - ASIENTO SECUNDARIO DE MATERIA - TERMINO TEMATICO [R]
9 (RLIN) 8116
Término temático o nombre geográfico como elemento de entrada [NR] Sitios históricos
700 1# - ASIENTO SECUNDARIO - NOMBRE PERSONAL [R]
9 (RLIN) 99880
Nombre personal [NR] Pons Irazazábal, María
Término de relación [R] traductor
942 ## - ELEMENTOS DE ENTRADA AGREGADOS (KOHA)
Sistema de clasificación DEWEY
Tema principal Sociología
Tipo de ítem principal el descrito en 300a Libro
Edición 1
Clasificación 398.42
Parte restante de la signatura top. E192h
Título oculto en OPAC No
Existencias
Fecha de último préstamo Total préstamos Signatura topográfica Código de barras Última vez visto Ejemplar Costo de reposición Price effective from Tipo de ítem Perdido Sistema de clasificación Dañado No prestable Tipo de ítem específico Suprimido Ubicación habitual Ubicación actual Localización Fecha de creación Forma de adquisición Costo
11/01/2023 1 398.42 E192h 100168545 05/12/2025 Ej.1 207822.00 05/11/2021 Libro   DEWEY     Libro   Claustro Claustro 2do piso 05/11/2021 Compra 207822.00